[Event "Kandidatklassen 2011"]
[Site "Odense"]
[Date "2011.04.24"]
[Round "6"]
[White "Schou Moldt, Thomas"]
[Black "Aabling Thomsen, Jakob"]
[Result "1-0"]
[WhiteElo "2125"]
[BlackElo "2313"]
[PlyCount "67"]
[EventDate "2011.??.??"]
[EventCountry "DEN"]
[SourceDate "2014.05.18"]

1. e4 d6 2. d4 Nf6 3. Nc3 Nbd7 4. Nf3 e5 5. Bc4 Be7 6. O-O c6 7. a4 Qc7 8. Qe2
h6 9. Rd1 g5 10. Ba2 Rh7 11. b4 Nf8 12. Qc4 Bg4 13. dxe5 dxe5 14. Rd3 Rc8 15.
Qb3 Ne6 16. Qb2 Rd8 17. Bxe6 fxe6 18. Ne1 Rd4 19. b5 c5 20. b6 Qxb6 21. Qxb6
axb6 22. f3 Bh5 23. Nb5 Rd7 24. c4 g4 25. Rxd7 Nxd7 26. Be3 Bf8 27. Bf2 Rf7 28.
Nc7+ Ke7 29. Bh4+ Kd6 30. Nb5+ Kc6 31. Rd1 gxf3 32. gxf3 Rg7+ 33. Kf1 Rf7 34.
Bd8 1-0

[Event "Kandidatklassen 2011"]
[Site "Odense"]
[Date "2011.04.24"]
[Round "6"]
[White "Rendboe, John Filip"]
[Black "Jorgensen, Brian Jorgen"]
[Result "1/2-1/2"]
[WhiteElo "2253"]
[BlackElo "2211"]
[PlyCount "57"]
[EventDate "2011.??.??"]
[EventCountry "DEN"]
[SourceDate "2014.05.18"]

1. d4 e6 2. g3 f5 3. Bg2 Nf6 4. c4 d5 5. Nc3 c6 6. Nf3 Bd6 7. O-O O-O 8. Qc2
Ne4 9. Rb1 Qe8 10. b4 b5 11. cxb5 cxb5 12. Nxe4 fxe4 13. Ne5 Bxe5 14. dxe5 Nd7
15. Bb2 Nb6 16. Bd4 Nc4 17. Ra1 Bd7 18. f3 Qg6 19. fxe4 Rxf1+ 20. Rxf1 Bc6 21.
Qc3 dxe4 22. Bc5 Qg4 23. e3 Bd5 24. Qd4 a6 25. Rf4 Qe2 26. Bxe4 Qe1+ 27. Rf1
Qxe3+ 28. Qxe3 Nxe3 29. Bxd5 1/2-1/2

[Event "Kandidatklassen 2011"]
[Site "Odense"]
[Date "2011.04.24"]
[Round "6"]
[White "Ochsner, Bjorn Moller"]
[Black "Olsen, Peter Erik"]
[Result "1-0"]
[WhiteElo "2251"]
[BlackElo "2201"]
[PlyCount "61"]
[EventDate "2011.??.??"]
[EventCountry "DEN"]
[SourceDate "2014.05.18"]

1. e4 d5 2. exd5 Qxd5 3. Nc3 Qa5 4. d4 Nf6 5. Nf3 Bg4 6. h3 Bh5 7. g4 Bg6 8.
Ne5 e6 9. h4 Nbd7 10. Nc4 Qa6 11. Rh3 h6 12. Ne5 Qb6 13. Nxg6 fxg6 14. g5 Ng8
15. Re3 Ne7 16. Bh3 O-O-O 17. Rxe6 Qa5 18. Re5 Qb6 19. Qd3 Kb8 20. Re6 Nc5 21.
dxc5 Rxd3 22. cxb6 Rxh3 23. Nd5 axb6 24. Nxe7 Bxe7 25. Rxe7 hxg5 26. hxg5 Rh1+
27. Ke2 Rd8 28. Bf4 Rxa1 29. Bxc7+ Kc8 30. Bxd8 Kxd8 31. Rxb7 1-0

[Event "Kandidatklassen 2011"]
[Site "Odense"]
[Date "2011.04.24"]
[Round "6"]
[White "Kaaber Hansen, Jacob"]
[Black "Pedersen, Jan Nordenbaek"]
[Result "1/2-1/2"]
[WhiteElo "2239"]
[BlackElo "2246"]
[PlyCount "28"]
[EventDate "2011.??.??"]
[EventCountry "DEN"]
[SourceDate "2014.05.18"]

1. e4 c5 2. Nf3 Nc6 3. d4 cxd4 4. Nxd4 Nf6 5. Nc3 e5 6. Ndb5 d6 7. Bg5 a6 8.
Na3 b5 9. Nd5 Be7 10. Bxf6 Bxf6 11. c3 Ne7 12. Nxf6+ gxf6 13. Nc2 Bb7 14. Bd3
d5 1/2-1/2

[Event "Kandidatklassen 2011"]
[Site "Odense"]
[Date "2011.04.24"]
[Round "6"]
[White "Hartvig, Ove Weiss"]
[Black "Haubro, Martin"]
[Result "1-0"]
[WhiteElo "2219"]
[BlackElo "2022"]
[PlyCount "59"]
[EventDate "2011.??.??"]
[EventCountry "DEN"]
[SourceDate "2014.05.18"]

1. e4 c5 2. Nf3 d6 3. d4 cxd4 4. Nxd4 Nf6 5. Nc3 a6 6. g3 b5 7. Bg2 Bb7 8. O-O
e6 9. Re1 Qc7 10. a4 bxa4 11. Nd5 exd5 12. exd5+ Kd8 13. Bg5 Nbd7 14. Qe2 Kc8
15. Ra3 Kb8 16. Rxa4 Nb6 17. Bxf6 gxf6 18. Qe8+ Qc8 19. Qxf7 Qc7 20. Re8+ Bc8
21. Nc6+ Kb7 22. Nd8+ Kb8 23. Rb4 Ra7 24. Qh5 Bg7 25. Nc6+ Kb7 26. Re7 Bd7 27.
Rxg7 Raa8 28. Bh3 Kc8 29. Rxb6 Qxb6 30. Rxd7 1-0

[Event "Kandidatklassen 2011"]
[Site "Odense"]
[Date "2011.04.24"]
[Round "6"]
[White "Hansen, Mads"]
[Black "Dyrgaard, Kristoffer"]
[Result "1/2-1/2"]
[WhiteElo "2187"]
[BlackElo "2218"]
[PlyCount "55"]
[EventDate "2011.??.??"]
[EventCountry "DEN"]
[SourceDate "2014.05.18"]

1. e4 c5 2. Nf3 Nc6 3. d4 cxd4 4. Nxd4 Nf6 5. Nc3 e5 6. Ndb5 d6 7. Bg5 a6 8.
Na3 b5 9. Nd5 Be7 10. Bxf6 Bxf6 11. c4 b4 12. Nc2 a5 13. g3 O-O 14. Bg2 Be6 15.
O-O a4 16. Qd3 Be7 17. Rfd1 Rb8 18. b3 Bxd5 19. Qxd5 Na5 20. Rab1 Qc7 21. Ne3
axb3 22. axb3 Rfd8 23. h4 Nb7 24. Qd2 Nc5 25. Qb2 Ra8 26. Ra1 Qb7 27. Nd5 Bf8
28. Kh2 1/2-1/2

[Event "Kandidatklassen 2011"]
[Site "Odense"]
[Date "2011.04.24"]
[Round "6"]
[White "Brondt, Nicolai Kvist"]
[Black "Rostgaard, Tobias Valentin"]
[Result "1/2-1/2"]
[WhiteElo "2151"]
[BlackElo "2205"]
[PlyCount "71"]
[EventDate "2011.??.??"]
[EventCountry "DEN"]
[SourceDate "2014.05.18"]

1. d4 Nf6 2. Nf3 c5 3. c4 cxd4 4. Nxd4 Nc6 5. g3 d6 6. Bg2 Bd7 7. O-O g6 8. b3
Bg7 9. Bb2 O-O 10. Nc3 Qb6 11. Nc2 Rac8 12. Ne3 Qa5 13. Qd2 Qh5 14. Rfd1 Bh6
15. Ncd5 Nxd5 16. Qxd5 Bxe3 17. Qxh5 Bxf2+ 18. Kxf2 gxh5 19. Rd5 f5 20. Bf3 Be6
21. Rb5 b6 22. Bxh5 Rb8 23. Bf3 a6 24. Rd5 Nd8 25. Rd4 Nf7 26. Rad1 b5 27. cxb5
axb5 28. Rb4 Rfc8 29. Rd2 Bd7 30. g4 Ng5 31. gxf5 Nxf3 32. Rg4+ Kf7 33. Rg7+
Kf8 34. Kxf3 Bxf5 35. Rg5 Bg6 36. Ke3 1/2-1/2

[Event "Kandidatklassen 2011"]
[Site "Odense"]
[Date "2011.04.24"]
[Round "6"]
[White "Sorensen, Torben Kyhl"]
[Black "Kwapinski, Leszek"]
[Result "1-0"]
[WhiteElo "2172"]
[BlackElo "2057"]
[PlyCount "71"]
[EventDate "2011.??.??"]
[EventCountry "DEN"]
[SourceDate "2014.05.18"]

1. e4 c5 2. Nc3 Nc6 3. g3 g6 4. Bg2 Bg7 5. d3 d6 6. f4 e6 7. Nf3 Nge7 8. O-O
O-O 9. Be3 Nd4 10. Nd2 Rb8 11. Ncb1 b5 12. c3 Ndc6 13. Nf3 b4 14. d4 bxc3 15.
bxc3 cxd4 16. cxd4 d5 17. e5 Ba6 18. Re1 Qa5 19. Nbd2 Nf5 20. Nb3 Qa3 21. Bc1
Qb4 22. g4 Nfe7 23. Nc5 Bb5 24. a4 Bc4 25. Nd7 Bb3 26. Qd2 Bxa4 27. Nxb8 Rxb8
28. Qxb4 Rxb4 29. Ba3 Rc4 30. Bf1 Rc3 31. Bxe7 Rxf3 32. Bc5 Rxf4 33. Rxa4 Bxe5
34. Kh1 Rxg4 35. Bb5 Rxd4 36. Bxc6 1-0

[Event "Kandidatklassen 2011"]
[Site "Odense"]
[Date "2011.04.24"]
[Round "6"]
[White "Wiecker, Stefan"]
[Black "Vovk, Oksana"]
[Result "1-0"]
[WhiteElo "2155"]
[BlackElo "2253"]
[PlyCount "67"]
[EventDate "2011.??.??"]
[EventCountry "DEN"]
[SourceDate "2014.05.18"]

1. e4 e6 2. d4 d5 3. Nc3 Nf6 4. Bg5 dxe4 5. Nxe4 Nbd7 6. Nf3 h6 7. Nxf6+ Nxf6
8. Bxf6 Qxf6 9. Ne5 c6 10. Bd3 Bd6 11. Qe2 Bd7 12. a4 Rd8 13. Qe4 Qe7 14. O-O
f5 15. Qe2 Bxe5 16. Qxe5 O-O 17. c3 Qf6 18. Qa5 a6 19. Rfe1 Bc8 20. Bc4 b5 21.
Bb3 f4 22. Qc7 Bd7 23. f3 Rf7 24. axb5 axb5 25. Qd6 Qe7 26. Qe5 Re8 27. Ra7 Qf8
28. Bc2 Rd8 29. Rc7 Rf6 30. Ra1 Ra8 31. Rxa8 Qxa8 32. Rxd7 Qa1+ 33. Kf2 Qxb2
34. Rd8+ 1-0

[Event "Kandidatklassen 2011"]
[Site "Odense"]
[Date "2011.04.25"]
[Round "7"]
[White "Carstensen, Jacob"]
[Black "Schou Moldt, Thomas"]
[Result "1/2-1/2"]
[WhiteElo "2357"]
[BlackElo "2125"]
[PlyCount "23"]
[EventDate "2011.??.??"]
[EventCountry "DEN"]
[SourceDate "2014.05.18"]

1. d4 g6 2. c4 Nf6 3. Nc3 Bg7 4. e4 d6 5. Nf3 Nc6 6. Be2 O-O 7. d5 Nb8 8. O-O
c5 9. dxc6 Nxc6 10. h3 Nd7 11. Qc2 Nc5 12. Be3 1/2-1/2

[Event "Kandidatklassen 2011"]
[Site "Odense"]
[Date "2011.04.25"]
[Round "7"]
[White "Rendboe, John Filip"]
[Black "Ochsner, Bjorn Moller"]
[Result "1/2-1/2"]
[WhiteElo "2253"]
[BlackElo "2251"]
[PlyCount "103"]
[EventDate "2011.??.??"]
[EventCountry "DEN"]
[SourceDate "2014.05.18"]

1. d4 Nf6 2. c4 g6 3. Nc3 Bg7 4. e4 d6 5. Nf3 O-O 6. Be2 Na6 7. O-O e5 8. Re1
c6 9. Bf1 exd4 10. Nxd4 Ng4 11. h3 Qb6 12. hxg4 Qxd4 13. Qxd4 Bxd4 14. Bf4 Be5
15. Bh6 Re8 16. f3 Nc5 17. Rad1 Be6 18. Rd2 a5 19. Be3 Ra6 20. Rc1 Rb6 21. Nd1
Rb4 22. g5 Na4 23. Rcc2 Nc5 24. Nf2 a4 25. f4 Bg7 26. Rxd6 Na6 27. e5 Bf5 28.
Bd3 Be6 29. Ne4 Ra8 30. Be2 Bf5 31. Bf3 Bf8 32. Rdd2 Bxe4 33. Bxe4 Bc5 34. Kf2
Bxe3+ 35. Kxe3 Nc5 36. Bf3 a3 37. b3 Kg7 38. Bg4 Rb6 39. Rc1 Re8 40. Rd6 h6 41.
gxh6+ Kxh6 42. Kd4 Na6 43. Rd7 Rf8 44. c5 Rb4+ 45. Rc4 b5 46. cxb6 Rxb6 47. Ra4
Nb4 48. Rxa3 Nc2+ 49. Kc5 Rb5+ 50. Kxc6 Nxa3 51. Ra7 Rb4 52. Rxa3 1/2-1/2

[Event "Kandidatklassen 2011"]
[Site "Odense"]
[Date "2011.04.25"]
[Round "7"]
[White "Jorgensen, Brian Jorgen"]
[Black "Hartvig, Ove Weiss"]
[Result "0-1"]
[WhiteElo "2211"]
[BlackElo "2219"]
[PlyCount "82"]
[EventDate "2011.??.??"]
[EventCountry "DEN"]
[SourceDate "2014.05.18"]

1. d4 f5 2. Nf3 Nf6 3. g3 g6 4. b3 Bg7 5. Bb2 O-O 6. Bg2 d6 7. Nbd2 h6 8. O-O
Nbd7 9. Nh4 Qe8 10. e4 e6 11. d5 Nc5 12. dxe6 Nfxe4 13. Bxg7 Kxg7 14. Nxe4 Nxe4
15. Qd4+ Rf6 16. g4 Qxe6 17. gxf5 gxf5 18. f3 Ng5 19. Rae1 Qf7 20. f4 Ne6 21.
Qc3 Qh5 22. Qg3+ Kh8 23. Bf3 Qf7 24. Kh1 Nd4 25. Bg2 Be6 26. c3 Rg8 27. Qd3 Nc6
28. c4 Rg4 29. Nf3 Qg7 30. Bh3 Rxf4 31. Rg1 Qf7 32. Nd2 Rd4 33. Qe2 Ne5 34. Nf3
Re4 35. Qf2 Nd3 36. Qd2 Nxe1 37. Nxe1 Rg6 38. Bg2 Qg7 39. Rf1 Reg4 40. h3 Rg3
41. Rf2 Rxh3+ 0-1

[Event "Kandidatklassen 2011"]
[Site "Odense"]
[Date "2011.04.25"]
[Round "7"]
[White "Aabling Thomsen, Jakob"]
[Black "Sorensen, Torben Kyhl"]
[Result "0-1"]
[WhiteElo "2313"]
[BlackElo "2172"]
[PlyCount "106"]
[EventDate "2011.??.??"]
[EventCountry "DEN"]
[SourceDate "2014.05.18"]

1. e4 c5 2. Nf3 Nc6 3. Nc3 Nf6 4. e5 Ng4 5. Qe2 Qc7 6. Nb5 Qb8 7. d4 a6 8. h3
Ngxe5 9. dxe5 axb5 10. Bf4 e6 11. Qxb5 d5 12. exd6 Bxd6 13. Bxd6 Qxd6 14. Rd1
Qe7 15. Bc4 O-O 16. O-O Na5 17. Bd3 Qc7 18. b3 b6 19. Qa4 Bb7 20. Bxh7+ Kxh7
21. Qh4+ Kg8 22. Ng5 Rfd8 23. Rde1 Qc6 24. Re4 Rd4 25. Rfe1 Rxe4 26. Rxe4 Qd5
27. Kh2 Qf5 28. Rf4 Qg6 29. Rxf7 Be4 30. Re7 Bf5 31. g4 Qh6 32. Qxh6 gxh6 33.
Nxe6 Bxc2 34. f4 Nc6 35. Rc7 Rxa2 36. Kg3 Nd4 37. Ng7 Bxb3 38. Nh5 Bf7 39. Nf6+
Kg7 40. Nh5+ Kf8 41. Rc8+ Be8 42. f5 Re2 43. h4 Ke7 44. Ng7 Re3+ 45. Kf4 Rf3+
46. Ke5 Bd7 47. Rh8 Kf7 48. Rxh6 Kxg7 49. Rxb6 Bxf5 50. gxf5 Rxf5+ 51. Ke4 Rh5
52. Kd3 Kf7 53. Kc4 Ne6 0-1

[Event "Kandidatklassen 2011"]
[Site "Odense"]
[Date "2011.04.25"]
[Round "7"]
[White "Olsen, Peter Erik"]
[Black "Hansen, Mads"]
[Result "0-1"]
[WhiteElo "2201"]
[BlackElo "2187"]
[PlyCount "78"]
[EventDate "2011.??.??"]
[EventCountry "DEN"]
[SourceDate "2014.05.18"]

1. c4 Nf6 2. Nc3 e5 3. g3 d5 4. cxd5 Nxd5 5. Bg2 Nb6 6. Nf3 Nc6 7. O-O Be7 8.
d3 O-O 9. a3 a5 10. Be3 Be6 11. Rc1 Nd5 12. Bd2 Qd7 13. Ne4 f6 14. Nc5 Bxc5 15.
Rxc5 b6 16. Rc1 Nd4 17. Nxd4 exd4 18. e4 dxe3 19. fxe3 Rad8 20. d4 f5 21. Qc2
Rf7 22. Qc6 Qe7 23. b4 axb4 24. Bxb4 Nxb4 25. axb4 g6 26. Rfe1 Rd6 27. Qc3 Bd5
28. Bxd5 Rxd5 29. Qc4 Rd6 30. Qd3 Re6 31. Rc4 f4 32. e4 fxg3 33. hxg3 Ref6 34.
Rc3 Qxb4 35. Rb1 Qf8 36. e5 Rf3 37. Qc4 b5 38. Rxb5 Rxc3 39. Qxc3 Rf1+ 0-1

[Event "Kandidatklassen 2011"]
[Site "Odense"]
[Date "2011.04.25"]
[Round "7"]
[White "Haubro, Martin"]
[Black "Kaaber Hansen, Jacob"]
[Result "0-1"]
[WhiteElo "2022"]
[BlackElo "2239"]
[PlyCount "144"]
[EventDate "2011.??.??"]
[EventCountry "DEN"]
[SourceDate "2014.05.18"]

1. e4 e5 2. Nf3 Nc6 3. Bc4 Bc5 4. O-O Nf6 5. d3 d6 6. Bg5 h6 7. Bh4 g5 8. Bg3
Bg4 9. c3 Bb6 10. Nbd2 a6 11. b4 O-O 12. Re1 Nh5 13. h3 Be6 14. Bh2 Qf6 15. d4
exd4 16. e5 dxe5 17. Nxe5 Nf4 18. Nxc6 bxc6 19. Bxe6 Nxe6 20. Ne4 Qg6 21. c4 f5
22. Nd2 c5 23. bxc5 Nxc5 24. Nf3 d3 25. Ne5 Qh7 26. Qf3 Rad8 27. Rad1 d2 28.
Re2 Ne4 29. c5 Bxc5 30. Qb3+ Kh8 31. Nc6 Qd7 32. Be5+ Kh7 33. Nxd8 Rxd8 34.
Rdxd2 Nxd2 35. Rxd2 Bd6 36. Bb2 Re8 37. Rd1 Kg6 38. g3 Qb5 39. Rd5 Re1+ 40. Kh2
Qxb3 41. axb3 Re2 42. Bd4 Rd2 43. Kg2 Rd3 44. h4 Be7 45. hxg5 hxg5 46. Rd7 Bf6
47. Rxc7 Rxd4 48. Rc6 a5 49. Ra6 Rd5 50. Rb6 Rd1 51. b4 Rb1 52. bxa5 Rxb6 53.
axb6 Bd4 54. b7 Ba7 55. Kf3 Kf6 56. g4 f4 57. Ke4 Ke6 58. f3 Bb8 59. Kd4 Bd6
60. Ke4 Bc7 61. Kd4 Bb8 62. Kc4 Ba7 63. Kc3 Kd5 64. Kd3 Bb8 65. Kc3 Bd6 66. Kd3
Be5 67. Kd2 Kd4 68. Ke2 Kc3 69. Kf2 Kd2 70. Kg2 Ke2 71. Kh2 Kxf3 72. Kh3 Bb8
0-1

[Event "Kandidatklassen 2011"]
[Site "Odense"]
[Date "2011.04.25"]
[Round "7"]
[White "Rostgaard, Tobias Valentin"]
[Black "Wiecker, Stefan"]
[Result "0-1"]
[WhiteElo "2205"]
[BlackElo "2155"]
[PlyCount "84"]
[EventDate "2011.??.??"]
[EventCountry "DEN"]
[SourceDate "2014.05.18"]

1. c4 g6 2. Nc3 Bg7 3. g3 d6 4. Bg2 Nc6 5. Nf3 e5 6. d3 f5 7. O-O Nf6 8. Bg5 h6
9. Bxf6 Qxf6 10. Rb1 g5 11. e3 O-O 12. Nd2 f4 13. Nd5 Qf7 14. b4 Be6 15. b5 Nd8
16. g4 Qd7 17. h3 c6 18. bxc6 bxc6 19. Nc3 h5 20. Bf3 Rc8 21. e4 Nf7 22. Kh1
Bf6 23. Rg1 Nh6 24. Nf1 hxg4 25. Bxg4 Nxg4 26. hxg4 Kg7 27. f3 Kg6 28. Rb2 Rh8+
29. Nh2 Rh3 30. Rgg2 Rch8 31. d4 exd4 32. Qb1 dxc3 33. Rb7 Rxh2+ 34. Rxh2 c2
35. Qxc2 Rxh2+ 36. Kxh2 Qxb7 37. e5+ Kh6 38. exf6 Qh7 39. Qc3 Kg6+ 40. Kg2 Qh4
41. c5 dxc5 42. Qc2+ Kf7 0-1

[Event "Kandidatklassen 2011"]
[Site "Odense"]
[Date "2011.04.25"]
[Round "7"]
[White "Dyrgaard, Kristoffer"]
[Black "Kwapinski, Leszek"]
[Result "1-0"]
[WhiteElo "2218"]
[BlackElo "2057"]
[PlyCount "81"]
[EventDate "2011.??.??"]
[EventCountry "DEN"]
[SourceDate "2014.05.18"]

1. e4 c5 2. Nf3 d6 3. d4 cxd4 4. Nxd4 Nf6 5. Nc3 a6 6. Bg5 e6 7. f4 Be7 8. Qf3
Qc7 9. O-O-O b5 10. Bxf6 gxf6 11. a3 Nc6 12. Be2 Nxd4 13. Rxd4 Bb7 14. Qh3 Rc8
15. Bh5 Kf8 16. Bd1 h6 17. Re1 Qc5 18. Rd3 a5 19. Nd5 exd5 20. Rc3 dxe4 21.
Rxc5 Rxc5 22. Qd7 Bc6 23. Qa7 b4 24. axb4 axb4 25. Re3 d5 26. Rg3 d4 27. Kb1
Be8 28. Qb8 Rb5 29. Qc8 f5 30. Be2 Rc5 31. Qb8 h5 32. Qxb4 Rd5 33. Qc4 Rd8 34.
Qc7 Rd5 35. Qc4 Rd8 36. Qc7 Rd5 37. Rb3 Rh6 38. Rb8 d3 39. cxd3 exd3 40. Bd1
Rc5 41. Qd7 1-0

[Event "Kandidatklassen 2011"]
[Site "Odense"]
[Date "2011.04.25"]
[Round "7"]
[White "Vovk, Oksana"]
[Black "Brondt, Nicolai Kvist"]
[Result "1-0"]
[WhiteElo "2253"]
[BlackElo "2151"]
[PlyCount "67"]
[EventDate "2011.??.??"]
[EventCountry "DEN"]
[SourceDate "2014.05.18"]

1. d4 d5 2. c4 c6 3. Nf3 Nf6 4. Nc3 a6 5. cxd5 cxd5 6. Bf4 Nc6 7. Rc1 Bf5 8. e3
e6 9. Qb3 Bb4 10. Be2 Qe7 11. O-O O-O 12. a3 Bxc3 13. Rxc3 Ne4 14. Rcc1 g5 15.
Bg3 g4 16. Nh4 Nd2 17. Nxf5 exf5 18. Qxd5 Nxf1 19. Kxf1 Qe6 20. Rc5 Rac8 21.
Qxe6 fxe6 22. Bc4 Rf6 23. Rxf5 Kf7 24. Rc5 Ke8 25. Bd3 Rf7 26. Rg5 Kd7 27. d5
exd5 28. Rxd5+ Ke6 29. Bc4 Ke7 30. Bd6+ Ke6 31. Rd2+ Kf6 32. Bxf7 Kxf7 33. Bg3
Na5 34. Ke2 1-0